[Rezension]

Saved in:
Bibliographic Details
Published in:Sehepunkte 17 (2017), Heft 6
Main Author: Glaser, Silvia (Author, VerfasserIn)
Document Type: Online Resource Article
Language:German
Published: 2017
Subjects:
Online Access:kostenfrei
Related Items:Enthalten in: Sehepunkte
Rezension von: Henry van de Velde - Raumkunst und Kunsthandwerk
Author Notes:Silvia Glaser
LEADER 01380naa a22003252c 4500
001 1752480333
003 DE-627
005 20210325232335.0
007 cr uuu---uuuuu
008 210325s2017 xx |||||oo 00| ||ger c
035 |a (DE-627)1752480333 
035 |a (DE-599)KXP1752480333 
040 |a DE-627  |b ger  |c DE-627  |e rda 
041 |a ger 
100 1 |a Glaser, Silvia  |e VerfasserIn  |4 aut 
245 1 0 |a [Rezension]  |c Silvia Glaser 
264 1 |c 2017 
336 |a Text  |b txt  |2 rdacontent 
337 |a Computermedien  |b c  |2 rdamedia 
338 |a Online-Ressource  |b cr  |2 rdacarrier 
500 |a Gesehen am: 15.06.17 
650 0 7 |0 (DE-588)4511937-5  |0 (DE-627)248012134  |0 (DE-576)213199033  |a Online-Ressource  |2 gnd 
655 7 |a Rezension  |0 (DE-588)4049712-4  |0 (DE-627)106186019  |0 (DE-576)209083166  |2 gnd-content 
773 0 8 |i Enthalten in  |t Sehepunkte  |d München : Ludwig-Maximilians-Univ., 2001  |g 17 (2017), Heft 6  |h Online-Ressource  |w (DE-627)33678273X  |w (DE-600)2062440-2  |w (DE-576)117978736  |x 1618-6168  |7 nnas 
773 1 8 |g volume:17  |g year:2017  |g number:6 
787 0 8 |i Rezension von  |t Henry van de Velde - Raumkunst und Kunsthandwerk  |d Leipzig : Seemann, 20XX  |w (DE-627)1353254399  |w (DE-576)283254394 
856 4 2 |u http://www.sehepunkte.de/2017/06/30526.html  |x Verlag  |z kostenfrei  |7 0 
951 |a AR 
991 |a Rezension (Monographie, Zeitschrift, Aufsatz) 
999 |a KXP-PPN1752480333  |e 4978806216